Welcome to the Holygrace Academy Library

Please use search bar below to get started

THE HONEST TRUTH (Record no. 3056)

MARC details
000 -LEADER
fixed length control field 00299nam a22001337a 4500
020 ## - INTERNATIONAL STANDARD BOOK NUMBER
ISBN 978-93-5103-822-1
082 ## - DEWEY DECIMAL CLASSIFICATION NUMBER
Classification number 823
Item number GEM/H
100 ## - MAIN ENTRY--AUTHOR NAME
Personal name GEMEINHART, DAN
245 ## - TITLE STATEMENT
Title THE HONEST TRUTH
260 ## - PUBLICATION, DISTRIBUTION, ETC. (IMPRINT)
Place of publication NEW YORK
Name of publisher SCHOLASTIC
Year of publication 2015
300 ## - PHYSICAL DESCRIPTION
Number of Pages 229
650 ## - SUBJECT ADDED ENTRY--TOPICAL TERM
Topical Term NOVEL
Geographic subdivision UNITED STATES
942 ## - ADDED ENTRY ELEMENTS (KOHA)
Koha item type Books
Holdings
Withdrawn status Lost status Collection code Home library Current library Shelving location Date acquired Source of acquisition Cost, normal purchase price Full call number Accession Number Koha item type
    Fiction Main Library Main Library SHELF-14E- ALPHABETICAL -E,F,G --ENGLISH NOVELS & FICTIONS 07/10/2015 purchase 299.00 823 GEM/H 07831 Books